000 00970nam a2200277 a 4500
001 41934
003 BD-RjUL
005 20211209053454.0
008 160607s1970 enkb b 001 0 eng
020 _a0049540149
035 _a(BD-RjUL)42052
040 _aDLC
_cDLC
_dBD-RjUL
_beng
041 _aeng
082 0 0 _a327.5405496
_223
_bHUB 1970
100 1 _aHusain, Asad
_9128880
245 1 0 _aBritish India's relations with the Kingdom of Nepal, 1857-1947:
_ba diplomatic history of Nepal /
_cAsad Husain
260 _aLondon,
_bAllen and Unwin;
_c1970.
300 _a408 p.
_bmaps.
_c23 cm.
500 _a"Ph.D. dissertation submitted to the University of Minnesota Department of International Relations."
504 _aBibliography: p. 317-334.
651 0 _aNepal
_xForeign relations
_zIndia.
_9128881
651 0 _aIndia
_xForeign relations
_zNepal.
_9128882
651 0 _aGreat Britain
_xForeign relations.
_9128883
942 _2ddc
_cBK
999 _c41934
_d41934